000 00421nam a22001697a 4500
005 20170330111756.0
008 160630b xxu||||| |||| 00| 0 eng d
020 _a81-219-2437-5
041 _aeng
082 _b19819
100 _aTheraja B L & AK
_93309
245 _aElectrical Technology
260 _aNew Delhi
_bSultan Chand & Sons,
_c2013
300 _a1568
650 _aDiploma Engineering
_9817
942 _cBK
999 _c4932
_d4930